000 00259nam a2200109 a 4500
005 20140414131949.0
008 110201s19uu xx 00 eng d
050 _aTR 305.23
_bM36 1998
100 _aMarzollo, Jean
245 _aHow kids grow.
999 _c112738
_d112738